Efectos de la alta compactación de la capa de base en pavimentos flexibles

A través de ésta investigación monográfica se pretende cuantificar en el laboratorio la influencia en el potencial de capacidad soporte de un agregado triturado para capa de base compactado a altas densidades. Se presenta el método de Diseño Sudafricano para pavimentos flexibles el cual frene...

Full description

Bibliographic Details
Main Author: Morales Cárdenas, Pedro Joaquín
Other Authors: Tutor: Chávez Arévalo, Oswaldo
Format: Tesis Section = Libro
Language:Undetermined
Spanish
Published: Managua UNI 2009
Subjects:
LEADER 01280nam a2200265Ia 4500
008 240830s9999 xx 000 0 und d
040 |a BIBLIOTECA-RUPAP Mon 625.85 M828 
041 |a spa 
082 |a Mon 625.85 M828 
100 1 |a Morales Cárdenas, Pedro Joaquín 
245 1 0 |a Efectos de la alta compactación de la capa de base en pavimentos flexibles 
260 |a Managua  |b UNI  |c 2009 
300 |a 125 p. :il. 
500 |a Contiene: anexos. 
502 |a Tesis (Ingeniero Civil)- UNI, 2009. 
520 3 |a A través de ésta investigación monográfica se pretende cuantificar en el laboratorio la influencia en el potencial de capacidad soporte de un agregado triturado para capa de base compactado a altas densidades. Se presenta el método de Diseño Sudafricano para pavimentos flexibles el cual frene como filosofía fundamental el de aplicar altos grados de densidad a la capa de base, mayores a los requeridos por las especificaciones del método de Diseño AASHTO. 
650 7 |a PAVIMENTOS 
650 7 |b PAVIMENTOS FLEXIBLES 
650 7 |c PAVIMENTOS-DISEÑO Y CONSTRUCCION 
650 7 |d ASFALTO 
650 7 |e CARRETERAS-MANTENIMIENTO Y REPARACION 
700 1 |a Tutor:  |b Chávez Arévalo, Oswaldo 
942 |c BK  |2 ddc 
991 |a TESIS 
999 |c 16119